Регионална библиотека "Любен Каравелов" - Русе

Оскар (Запис номер 332414)

MARC детайли
000 -Лидер
Контролно поле с фиксирана дължина nam a22 a 4500
003 - Код на организацията, давaща контролен номер
Контролно поле BLK
005 - Дата и час на последна редакция
Контролно поле 20211104144144.0
008 - Елементи от данни с фиксирана дължина
fixed length control field 190709b bu ||||| |||| 00| 0 bu d
020 ## - Международен стандартен номер на книга ISBN
Международен стандартен номер на книга ISBN 9786199123003
040 ## - Източник на каталожния запис
Идентификатор на билиотеката - собственик на записа BLK
041 ## - Код за език
Код за езика на текст/звукозапис или на отделно заглавие Български
Код за езика КДБФ Български
080 ## - УДК
Текстов определител УДК Българска литература
УДК код - определител по УДК 821.163.2
УДК определител -32
УДК - код + определител 821.163.2-32
100 1# - Редна дума - Автор
Автор Енминас, Ангалот
Авторска отговорност първи автор
R(LIN) 1299
139 ## - Редно поле
Редна дума Енминас, Ангалот
Авторски знак Ен - Е 61
245 ## - Сведения за заглавието
Заглавие Оскар
260 ## - Област на издателските данни
9 (RLIN) 394901
Място на издаване, разпространение и проч. Благоевград
Име на издателя, разпространителя и проч. ЕЗУС ЕООД
Година на издаване 2018
Печатница Печатница Смилков
300 ## - Физическа характеристика
Страници 356
Размери/Мащаб 20 см
380 ## - Жанр
Жанр Худож. лит.
500 ## - Общи забележки
Забележка Автограф с текст
650 #7 - Допълнително описание по предмет – тема
9 (RLIN) 164315
Основно описание – тема или топоним Новели
653 #7 - Ключова дума – ненормативна
9 (RLIN) 192382
Ключова дума новели
653 #7 - Ключова дума – ненормативна
9 (RLIN) 200265
Ключова дума художествена литература
852 ## - Местоположение
Форматна сигнатура Цб I 38155
999 ## - СИСТЕМНИ КОНТРОЛНИ НОМЕРА
Koha biblionumber 332414
Koha biblioitemnumber 332414
942 ## - АРТИКУЛИ
Вид на библиотечния материал Книги
Скрит в OPAC Не
Koha issues (borrowed), all copies 2
944 ## - СЪЗДАВАНЕ И РЕДАКЦИЯ на ЗАПИСА
Създаване/Редакция Създаване
Дата на регистрацията/редакция 2019-07-09
Служител, извършил регистрацията/редакцията А. Н.
Статус, дата на статуса 2019-07-09
999 ## - СИСТЕМНИ КОНТРОЛНИ НОМЕРА
Koha biblioitemnumber 332414
Наличности
Код за отписване Код за изгубен артикул Източник на класификационната схема Код за повреда Коз за рестрикции Код за отдаване Артикулен № Име на библиотеката - собственик Име на библиотеката, в която се намира в момента Статус (Текущо местоположение) Дата на вписване в системата Местоположение - отдел Цена в лева Систематично азбучна сигнатура Баркод Цена в евро Служебен тип на артикула
  Не е изгубен Universal Decimal Classification Не е повреден без рестрикции ползва се в читалня 729929 Регионална библиотека "Любен Каравелов" Русе Регионална библиотека "Любен Каравелов" Русе Хранилище 2019-07-11 Основен фонд - ползва се само за читалня 15.00 Цб І 38155 120000833699 7.67 Книги
Vip Innovations Ltd, Rousse, Bulgaria 2025